000 00611nam a22002297a 4500
003 UA-OsUOA
001 82207
007 ta
008 20120224b un ||||| |||| 00| 0 ukr d
100 _aВеклич О.
700 _aШлапак М.
090 _a330(477)
_bВ26
942 _cSA
040 _aUA-OsUOA
_bukr
_cUA-OsUOA
_dUA-OsUOA
245 _a"Екологічна ціна" економічного зростання України
300 _aС.38-46
955 _a0
041 _aukr
080 _a330(477)
773 0 _w82204
650 7 _a330 Економіка взагалі
_2UDC
999 _c368510
_d368510